000 00596nam a2200205Ia 4500
008 170504s9999 xx 000 0 und d
050 _aT 58.5
050 _b.B734 2016
100 _aBorja, Nicole Andrea G.
245 _aTravel reservation request sytem for wow ph destinations, inc /
245 _cNicole Andrea G. Borja.
260 _aLas PiƱas, Philippines :
260 _bSISC,
260 _c2016.
300 _a84 pages :
300 _billustrations ;
300 _c28 cm.
500 _aIncludes bibliographical references and appendices.
521 _aInformation Technology
999 _c329751
_d329751